ბათუმის შოთა რუსთაველის სახელმწიფო უნივერსიტეტის ბიბლიოთეკა

Химия минеральных масел (ბიბ.ჩანაწერი № 37455)

000 -LEADER
fixed length control field 00559nam a2200229Ia 4500
001 - CONTROL NUMBER
control field 3416
003 - CONTROL NUMBER IDENTIFIER
control field GE_BSU
008 - FIXED-LENGTH DATA ELEMENTS--GENERAL INFORMATION
fixed length control field 181216s||||||||xx |||||||||||||| ||und||
040 ## - CATALOGING SOURCE
Transcribing agency GE_BSU
080 ## - UNIVERSAL DECIMAL CLASSIFICATION NUMBER
Universal Decimal Classification number 549
100 ## - MAIN ENTRY--PERSONAL NAME
Personal name Черножуков,Н.И
245 ## - TITLE STATEMENT
Title Химия минеральных масел
245 ## - TITLE STATEMENT
Statement of responsibility, etc. Ред.Л.А.Львова
250 ## - EDITION STATEMENT
Edition statement Изд 2-ое.Перераб.
260 ## - PUBLICATION, DISTRIBUTION, ETC.
Place of publication, distribution, etc. М
260 ## - PUBLICATION, DISTRIBUTION, ETC.
Name of publisher, distributor, etc. Гостоптехиздат
260 ## - PUBLICATION, DISTRIBUTION, ETC.
Date of publication, distribution, etc. 1959
300 ## - PHYSICAL DESCRIPTION
Extent 414 стр
300 ## - PHYSICAL DESCRIPTION
Dimensions 22см
300 ## - PHYSICAL DESCRIPTION
Accompanying material табл.
942 ## - ADDED ENTRY ELEMENTS (KOHA)
Koha item type წიგნი
ეგზემპლარები
Withdrawn status Lost status Damaged status Not for loan Date acquired Barcode Date last seen Price effective from Koha item type
        2018-12-17 9582 2018-12-17 2018-12-17 წიგნი